Responses for Show #3214 - Thursday, July 16, 1998

Contestants

[<< previous game]

Blaine Faulkner, a chief financial officer from Escondido, California

Susan Fisher, an administrative assistant from Seattle, Washington

William Toren, a copy editor from Northridge, California (whose 2-day cash winnings total $6,800)

[next game >>]

Jeopardy! Round responses

5-LETTER CAPITALS
SPORTS
PRE-COLUMBIAN CULTURES
20th CENTURY INVENTION
ON THE MOVE
DOUBLE TALK
    $100 1
Paris

Blaine
    $100 22
Chris Evert

Blaine
    $100 26
mammoth

William
    $100 10
Scotch tape

William
    $100 12
gondolas

William
    $100 7
knock knock

Blaine
    $200 3
Cairo

Susan
    $200 18
Doug Flutie

Blaine
    $200 27
a spear

Susan
    $200 11
a clothes dryer

Susan
    $200 17
Chrysler

William
    $200 13
aye-aye

Blaine
    $300 4
(Susan: What is Saigon?)

Hanoi

Susan
    $300 2
Oriole Park at Camden Yards

Susan
    $300 28
Navajo

Blaine
    $300 15
a transmission

Susan
    $300 19
New York City

Blaine
    $300 14
a muumuu

Susan
    $400 5
Amman

William
    $400 8
(William: What is Cigar?)

Silver Charm

William
Triple Stumper
    $400 29
mounds

William
    $400 16
(William: What is a video phone?)

a cellular phone

William
Triple Stumper
    $400 20
(Susan: What is a galley?)

a caboose

WilliamSusan
    $400 23
a tom-tom

Blaine
    $500 6
Quito

Susan
    $500 9
[Knife through a "B"]

the Buffalo Sabres

William
    $500 30
(William: Who are the Aztecs?)

the Mayans

WilliamSusan
    $500 25
(Blaine: What is an integrated circuit?)
(William: What is a microprocessor?)

transistors

WilliamBlaine
Triple Stumper
    $500 21
the Suez Canal

Blaine
    $500 24
(Alex: We have about a minute to go.)

Bamm-Bamm

Susan

Scores at the first commercial break (after clue 14):

William Susan Blaine
$700 $1,200 $400

Scores at the end of the Jeopardy! Round:

William Susan Blaine
$400 $2,300 $1,700

Double Jeopardy! Round responses

DIARIES
TOUGH MOVIE TRIVIA
"O" YOU ANIMAL!
INTERIOR DESIGN
NAME THE OPERA
PEOPLE WHO BECAME WORDS
    $200 23
Anne Morrow Lindbergh

William
    $200 10
at the World's Fair

Susan
    $200 1
octopus

Blaine
    $200 26
a cactus

William
    $200 2
Carmen

Blaine
    $200 8
the guillotine

Blaine
    $400 19
January 1

Susan
    $400 15
sunglasses

William
    $400 4
an ocelot

Susan
    $400 27
gout

William
    $400 3
Pagliacci

Susan
    $400 11
a leotard

Susan
    $600 20
Sir Alec Guinness

Susan
    $600 16
(Blaine: Who is Juliette Lewis?)

Brad Pitt

WilliamBlaine
    $600 5
oyster

Susan
    $600 24
Pier 1 Imports

Blaine
    $600 9
(Susan: What is "La donna รจ mobile"?)

Rigoletto

Susan
Triple Stumper
    $600 12
(William: What is flak?)

shrapnel

WilliamSusan
    $800 21
Beatrix Potter

Blaine
    $800 17
(William: What is Glasgow?)

Edinburgh

William
Triple Stumper
    $800 6
an orangutan

William
    $800 28
an Eames chair

Triple Stumper
    $800 25
Aida

Triple Stumper
    $800 13
Salmonella

Blaine
    $2,000 22
(Alex: And about a minute to go.)

Go Ask Alice

Blaine
    $1000 18
Harlem Nights

William
    $1000 7
okapi

William
    $1,000 29
[The end-of-round signal sounds.]

the waterbed

William
    $1000 14
Pompadour

William

Scores at the end of the Double Jeopardy! Round:

William Susan Blaine
$5,600 $5,300 $5,900

[wagering suggestions for these scores]

Final Jeopardy! Round responses

TELEVISION & HISTORY
(Alex: Combination of the two.)
(Alex: Susan, I'm assuming since there were two presidents named "Johnson", you were going for...)
(Susan: Lyndon.)
SusanWho is Johnson?
$5,200
WilliamWho was Kennedy?
$5,595
BlaineWho was LBJ?
$5,400
Lyndon B. Johnson (show premiered Sept. 24, 1968)

Final scores:

William Susan Blaine
$5 $10,500 $11,300
3rd place: Pair of Jaguar Sport Watches 2nd place: Trip to Lake Arrowhead Resort, California New champion: $11,300

Game dynamics:

Coryat scores:

William Susan Blaine
$5,600 $5,600 $4,900
18 R
(including 1 DD),
6 W
17 R,
3 W
(including 1 DD)
16 R
(including 1 DD),
2 W

Combined Coryat: $16,100

[game clues] [game scores] [suggest correction]

Game tape date: 1998-04-14
The J! Archive is created by fans, for fans. Scraping, republication, monetization, and malicious use prohibited; this site may use cookies and collect identifying information. See terms. The Jeopardy! game show and all elements thereof, including but not limited to copyright and trademark thereto, are the property of Jeopardy Productions, Inc. and are protected under law. This website is not affiliated with, sponsored by, or operated by Jeopardy Productions, Inc. Join the discussion at JBoard.tv.